000 00528nam a2200157Ia 4500
999 _c35102
_d35102
003 OSt
005 20210106151004.0
008 190216s9999||||xx |||||||||||||| ||und||
040 _coclc
082 _a200
_bRAN/U
100 _aRanade, Eknath Ramakrishna
_98135
245 0 _aUthishta Bharatha Athava Swami Vivekanandhante Hindu Rashtrathodulla Ahwanam /
_cEknath Ramakrishna Ranade
260 _bBavanandi Publications,
_aErnakulam:
_c1963.
300 _a238p
942 _cBK
_2ddc
_h200
_iRAN/U
_k200
_mRAN/U